The Art of the Good Life (Record no. 12202)

MARC details
000 -LEADER
fixed length control field 00291nam a22001337a 4500
003 - CONTROL NUMBER IDENTIFIER
control field OSt
008 - FIXED-LENGTH DATA ELEMENTS--GENERAL INFORMATION
fixed length control field 240127b |||||||| |||| 00| 0 eng d
020 ## - INTERNATIONAL STANDARD BOOK NUMBER
International Standard Book Number 9781473667526
100 ## - MAIN ENTRY--PERSONAL NAME
Personal name DOBELLI,Rolf
245 ## - TITLE STATEMENT
Title The Art of the Good Life
250 ## - EDITION STATEMENT
Edition statement 1st Ed
300 ## - PHYSICAL DESCRIPTION
Extent 259
942 ## - ADDED ENTRY ELEMENTS (KOHA)
Source of classification or shelving scheme Dewey Decimal Classification
Koha item type Text Books
Holdings
Withdrawn status Lost status Source of classification or shelving scheme Damaged status Not for loan Collection code Home library Current library Date acquired Source of acquisition Currency Cost, normal purchase price Bill Number Total Checkouts Full call number Acc. no. / Barcode Date last seen Actual Cost, discounted price Bill Date Koha item type Date last borrowed
    Dewey Decimal Classification     GENERAL PIET C-LIBRARY PIET C-LIBRARY 13/01/2024 Zafaa Books and Distributors In rupees 499.00 ZBD0321   158.1 DOA 35418 27/01/2024 349.30 13/01/2024 Reference Books  
    Dewey Decimal Classification     GENERAL PIET C-LIBRARY PIET C-LIBRARY 13/01/2024 Zafaa Books and Distributors In rupees 499.00 ZBD0321 6 158.1 DOA 35419 08/04/2026 349.30 13/01/2024 Text Books 30/03/2026

Design & Developed by: PIET Central Library
R70 Miles Stone Pattikalyana Samalkha Panipat 132102
mail ID :- [email protected], Phone No:- 0180-2569700 Ex.216